Public roads

Keeps the reader up-to-date on developments in federal highway policies, programs, and research and technology. Covers advances and innovations in highway/traffic research and technology, critical national transportation issues, important activities and achievements of FHWA and others in the highway...

Descripción completa

Detalles Bibliográficos
Título anterior:Public roads on-line
Autores Corporativos: United States. Federal Highway Administration. Office of Research and Development, Turner-Fairbank Highway Research Center
Formato: Documento de Gobierno Electrónico Revista
Lenguaje:inglés
Publicado: Washington, D.C. : Office of Research and Development, Federal Highway Administration, 1998-
Materias:
Acceso en línea:Full text available from Research Library: 03/01/1992 to present

MARC

LEADER 00000nas a2200000 a 4500
001 ssj0003326
003 WaSeSS
005 20200512172242.0
006 m d
007 cr n
008 010612c19989999dcubr p s f0 a0eng c
010 |a  2001230046 
022 |a 2169-1800  |y 0033-3735 
035 |a (WaSeSS)ssj0003326 
037 |a 750-005-00000-4  |b Paper subscription from: Supt. of Docs., P.O. Box 979050, St. Louis, MO 63197-9000 
040 |a GPO  |b eng  |c GPO  |d OCLCQ  |d GPO  |d OCLCQ  |d GPO  |d DLC  |d OCLCQ  |d OCLCF  |d OCLCO  |d OCLCQ  |d COO  |d GILDS  |d OCLCO  |d VT2  |d WaSeSS 
042 |a pcc  |a nsdp 
043 |a n-us--- 
074 |a 0268 (online) 
082 1 0 |a 625  |2 14 
086 0 |a TD 2.19: 
130 0 |a Public roads (Online) 
222 0 |a Public roads  |b (Online) 
245 1 0 |a Public roads  |h [electronic resource]. 
246 1 7 |a PR on-line 
260 |a Washington, D.C. :  |b Office of Research and Development, Federal Highway Administration,  |c 1998- 
310 |a Bimonthly 
362 0 |a Vol. 61, no. 4 (Jan./Feb. 1998)- 
500 |a "Turner-Fairbank Highway Research Center"--Journal home page. 
500 |a Title from caption (viewed June 7, 2001). 
506 |a License restrictions may limit access. 
520 |a Keeps the reader up-to-date on developments in federal highway policies, programs, and research and technology. Covers advances and innovations in highway/traffic research and technology, critical national transportation issues, important activities and achievements of FHWA and others in the highway community, specific FHWA program areas, and subjects of interest to highway industry professionals. 
538 |a Mode of access: Internet at the FHWA web site. Address as of 6/07/01: http://www.tfhrc.gov/pubrds/pubrds.htm; current access is available via PURL. 
550 |a Issued by U.S. Dept. of Transportation, Federal Highway Administration, Office of Research and Development. 
588 |a Latest issue consulted: Vol. 76, no. 1 (July/Aug. 2012) (U.S. Department of Transportation website, viewed Aug. 13, 2012). 
650 0 |a Roads  |z United States  |v Periodicals. 
650 0 |a Highway research  |z United States  |v Periodicals. 
650 7 |a Highway research.  |2 fast  |0 (OCoLC)fst00956729 
650 7 |a Roads.  |2 fast  |0 (OCoLC)fst01098511 
651 7 |a United States.  |2 fast  |0 (OCoLC)fst01204155 
655 0 |a Electronic journals. 
710 1 |a United States.  |b Federal Highway Administration.  |b Office of Research and Development. 
710 2 |a Turner-Fairbank Highway Research Center. 
776 0 |t Public roads  |x 0033-3735  |w (DLC)agr18000322  |w (OCoLC)1586080 
780 0 0 |t Public roads on-line  |w (DLC) 2001230041  |w (OCoLC)44488972 
856 4 0 |z Full text available from Research Library: 03/01/1992 to present  |u https://search.proquest.com/publication/42224